000 00706cam a22002533a 4500
001 2063
003 PGUSA
005 20140828083010.0
008 000201s2000||||xxu|||||s|||||000 1 eng d
040 _aPGUSA
_beng
042 _adc
050 4 _aPS
100 1 _aBower, B. M.,
_d1874-1940
245 1 4 _aThe Trail of the White Mule
_h[electronic resource] /
_cB. M. Bower
260 _bProject Gutenberg,
_c2000
506 _aPublic domain in the USA.
516 _aElectronic text
653 _aCalifornia -- Fiction
653 _aWestern stories
653 _aDistilling, Illicit -- Fiction
830 0 _aProject Gutenberg
_v2063
856 4 0 _uhttp://www.gutenberg.org/ebooks/2063
942 _cEB
999 _c231402
_d231402